000 01393nam a2200361 a 4500
001 ebr10231193
003 CaPaEBR
006 m u
007 cr cn|||||||||
008 800422s1980 mnua sbs 001 0 eng d
010 _z 80016287
020 _z0816609888
020 _z9780816609888
020 _z9780816661534
040 _aCaPaEBR
_cCaPaEBR
035 _a(OCoLC)233578391
043 _an-us-wi
050 1 4 _aHQ536
_b.B48 1980eb
082 0 4 _a306.8/09775
100 1 _aBernard, Richard M.,
_d1948-
245 1 4 _aThe melting pot and the altar
_h[electronic resource] :
_bmarital assimilation in early twentieth-century Wisconsin /
_cRichard M. Bernard.
260 _aMinneapolis :
_bUniversity of Minnesota Press,
_c1980.
300 _axxviii, 162 p. :
_bill.
504 _aIncludes bibliographical references (p. 145-158) and index.
533 _aElectronic reproduction.
_bPalo Alto, Calif. :
_cebrary,
_d2013.
_nAvailable via World Wide Web.
_nAccess may be limited to ebrary affiliated libraries.
650 0 _aMarriage
_zWisconsin.
650 0 _aIntermarriage
_zWisconsin.
650 0 _aMinorities
_zWisconsin.
650 0 _aAssimilation (Sociology)
655 7 _aElectronic books.
_2local
710 2 _aebrary, Inc.
856 4 0 _uhttp://site.ebrary.com/lib/rucke/Doc?id=10231193
_zAn electronic book accessible through the World Wide Web; click to view
999 _c153797
_d153797